Statistics for Foods By Picture

Click here to take the quiz!

General Stats

  • This quiz has been taken 76 times
  • The average score is 14 of 15

Answer Stats

Answer% Correct
Chocolate Chip Cookie
100%
Chicken
98%
Fried Egg
98%
Hamburger
98%
Pineapple
98%
Pizza
98%
Popcorn
97%
Sushi
97%
Hot Dog
95%
Cereal
94%
{Fish} and {Chips}
92%
Bread
89%
Oatmeal
87%
{Peanut Butter and Jelly} Sandwich
76%
Ravioli
76%

Score Distribution

Percentile by Number Answered

Percent of People with Each Score

Your Score History

You have not taken this quiz